Which Picture is Not Of That Country? - Statistics

General Stats
  • This quiz has been taken 12 times
  • The average score is 2 of 10
Answer Stats
Question Answer % Correct
Which picture is NOT of France?
44%
Which picture is NOT of Canada?
44%
Which picture is NOT of New Zealand?
33%
Which picture is NOT of Russia?
33%
Which picture is NOT of China?
11%
Which picture is NOT of Brazil?
11%
Which picture is NOT of Indonesia?
11%
Which picture is NOT of Australia?
11%
Which picture is NOT of Argentina?
11%
Which picture is NOT of Israel?
11%
No matching quizzes found
Score Distribution
Percent of People with Each Score
Percentile by Number Answered
Your Score History
You have not taken this quiz